000 00633cam a22001934a 4500
005 20250605164336.0
008 250528s ||||||||||||||||||||||||d
035 _a23457
040 _aGR-AtMCL
_bgre
_dGR-AtMCL
_eAACR2
245 1 _aSocial Representations of Smoking Across Generations in Greece/A Foucauldian Discursive Analysis Study
260 _c2017
300 _a70
520 _aAbstract, Introduction, Methodology, Analysis, Discussion, References, Appendices, Personal Development Plan.
700 1 _aGkeka Evangelia
_99025
700 1 _aLouka Penelope
_99017
942 _cDS
999 _c8467
_d8467